Diferencias de las propiedades físico-mecánicas en arcillas de tres formaciones geológicas, (Registro nro. 2442)
[ vista simple ]
| 000 -LEADER | |
|---|---|
| campo de control de longitud fija | 02195nam a22003497a 4500 |
| 001 - NÚMERO DE CONTROL | |
| campo de control | 42835 |
| 003 - IDENTIFICADOR DE NÚMERO DE CONTROL | |
| campo de control | gtgccic |
| 005 - FECHA Y HORA DE LA ÚLTIMA TRANSACCIÓN | |
| campo de control | 20251027152648.0 |
| 007 - CAMPO FIJO DE DESCRIPCIÓN FÍSICA--INFORMACIÓN GENERAL | |
| campo de control de longitud fija | ta |
| 008 - DATOS DE LONGITUD FIJA--INFORMACIÓN GENERAL | |
| campo de control de longitud fija | 251027b gt ||||| |||| 00| 0 spa d |
| 040 ## - FUENTE DE CATALOGACIÓN | |
| Centro catalogador/agencia de origen | gtgccic |
| Lengua de catalogación | spa |
| Centro/agencia transcriptor | gtgccic |
| Normas de descripción | rda |
| 084 ## - OTRO NÚMERO DE CLASIFICACIÓN | |
| Número de control del registro de autoridad o número normalizado | TPI-15-0087 |
| 100 10 - ENTRADA PRINCIPAL--NOMBRE DE PERSONA | |
| Nombre de persona | Sergio Antonio Castellanos López |
| Fechas asociadas al nombre | Ingeniero Civil |
| Término indicativo de función/relación | autor |
| 245 10 - MENCIÓN DEL TÍTULO | |
| Título | Diferencias de las propiedades físico-mecánicas en arcillas de tres formaciones geológicas, |
| Resto del título | distribuidas en el bloque Chortí, República de Guatemala / |
| Mención de responsabilidad, etc. | Castellanos López, Sergio Antonio |
| 264 ## - PRODUCCIÓN, PUBLICACIÓN, DISTRIBUCIÓN, FABRICACIÓN Y COPYRIGHT | |
| Producción, publicación, distribución, fabricación y copyright | Guatemala, Guatemala : |
| Nombre del de productor, editor, distribuidor, fabricante | USAC, Facultad de Ingeniería ; |
| Fecha de producción, publicación, distribución, fabricación o copyright | 2015.- |
| 300 ## - DESCRIPCIÓN FÍSICA | |
| Extensión | xxxvi, 113 p. : |
| Otras características físicas | il. ; |
| Dimensiones | 27 cm |
| 336 ## - TIPO DE CONTENIDO | |
| Fuente | rdacontenido |
| Término de tipo de contenido | Texto |
| Código de tipo de contenido | txt |
| 337 ## - TIPO DE MEDIO | |
| Fuente | rdamedio |
| Nombre/término del tipo de medio | sin mediación |
| Código del tipo de medio | n |
| 338 ## - TIPO DE SOPORTE | |
| Fuente | rdasoporte |
| Nombre/término del tipo de soporte | volumen |
| Código del tipo de soporte | nc |
| 502 ## - NOTA DE TESIS | |
| Nota de tesis | Tesis Postgrado |
| Tipo de título | MAESTRO EN INGENIERÍA GEOTÉCNICA |
| Nombre de la institución que otorga el título | USAC, Facultad de Ingeniería, Escuela de Postgrado |
| Año de obtención del título | 2015 |
| Identificador de la tesis | TPI-15-0087 |
| 504 ## - NOTA DE BIBLIOGRAFÍA, ETC. | |
| Nota de bibliografía, etc. Nota | Bibliografía pag. 107 |
| 505 ## - NOTA DE CONTENIDO CON FORMATO | |
| Título | 1. GENERALIDADES DE LAS ARCILLAS |
| 505 ## - NOTA DE CONTENIDO CON FORMATO | |
| Título | 2. FORMACIONES GEOLÓGICAS INVESTIGADAS |
| 505 ## - NOTA DE CONTENIDO CON FORMATO | |
| Título | 3. MARCO PRÁCTICO |
| 505 ## - NOTA DE CONTENIDO CON FORMATO | |
| Título | 4. PARÁMETROS FÍSICO-MECÁNICOS OBTENIDOS, DE LAS ARCILLAS MUESTREADAS, SEGÚN LA CLASIFICACIÓN QUÍMICO-MINERALÓGICA |
| 520 #3 - RESUMEN, ETC. | |
| Sumario, etc. | Ésta investigación incluye los conceptos generales sobre las arcillas, su naturaleza, comportamiento general y condiciones ambientales en las cuales se encuentran, su clasificación y los diferentes usos a los cuales pueden ser sometidas. Asimismo analiza las arcillas como estructura de suelo, los tipos de cimentación de obras civiles y geotécnicas a las que pueden ser sometidas y la forma en que pueden ser estabilizadas según el tipo de obra que soportarán. Se realizaron estudios de laboratorio químico-mineralógicos como fisico-mecánicos para localizar las diferencias entre las clases de arcilllas, se tomó como punto de comparación la formación geológica de la que fueron extraidas y sus diferencias mineralógicas. |
| 650 ## - PUNTO DE ACCESO ADICIONAL DE MATERIA--TÉRMINO DE MATERIA | |
| Término de materia o nombre geográfico como elemento de entrada | INVESTIGACIÓN GEOLÓGICA |
| 650 ## - PUNTO DE ACCESO ADICIONAL DE MATERIA--TÉRMINO DE MATERIA | |
| Término de materia o nombre geográfico como elemento de entrada | FALLAS GEOLÓGICAS |
| 700 ## - ENTRADA AGREGADA--NOMBRE PERSONAL | |
| Nombre de persona | Msc. Ing. Julio Roberto Luna Aroche |
| Término indicativo de función/relación | asesor |
| 942 ## - ELEMENTOS DE ENTRADA SECUNDARIOS (KOHA) | |
| Fuente de la clasificación o esquema de estantería | Clasificación Decimal Dewey |
| Tipo de ítem Koha | TESISPOSTGRADO |
| 945 ## - PROCESAMIENTO DE INFORMACIÓN LOCAL (OCLC) | |
| a | amlo |
| Estatus retirado | Estado de pérdida | Fuente de la clasificación o esquema de estantería | Estado de daño | No para préstamo | Biblioteca de origen | Biblioteca actual | Fecha de adquisición | Número de inventario | Total de préstamos | Signatura topográfica completa | Código de barras | Visto por última vez | Precio de reemplazo | Tipo de ítem Koha | Nota pública |
|---|---|---|---|---|---|---|---|---|---|---|---|---|---|---|---|
| Clasificación Decimal Dewey | CENTRO DE INFORMACIÓN A LA CONSTRUCCIÓN-CICON | CENTRO DE INFORMACIÓN A LA CONSTRUCCIÓN-CICON | 27/10/2025 | P20150087 | TPI-15-0087 | 20150087 | 27/10/2025 | 27/10/2025 | TESISPOSTGRADO | disponible |